[Event "Senica op 6th"]
[Site "Senica"]
[Date "2015.08.29"]
[Round "3"]
[White "Sukdolak, Radek"]
[Black "Tokarcik, Patrik"]
[Result "1-0"]
[WhiteElo "1866"]
[BlackElo "1481"]
[PlyCount "49"]
[EventDate "2015.08.27"]
[EventType "swiss"]
[EventRounds "7"]
[EventCountry "SVK"]
[SourceTitle "EXT 2016"]
[Source "ChessBase"]
[SourceDate "2015.10.08"]
[SourceVersion "1"]
[SourceVersionDate "2015.10.08"]
[SourceQuality "1"]

1. d4 d5 2. c4 e6 3. Nc3 Nf6 4. Bg5 Be7 5. e3 Nc6 6. a3 a5 7. Nf3 0-0 8. h3 h6 9. Bf4 Bd6 10. Ne5 Bxe5 11. dxe5 Nd7 12. cxd5 exd5 13. Qxd5 Re8 14. Rd1 Ncxe5 15. Bxe5 Rxe5 16. Qxe5 Nxe5 17. Rxd8+ Kh7 18. Nd5 Nc6 19. Rf8 f6 20. Bb5 Na7 21. Bd7 b6 22. Bxc8 Rxc8 23. Rxc8 Nxc8 24. Nxc7 Kg6 25. Ke2 1-0

[Event "SVK-ch U10"]
[Site "Tatralandia"]
[Date "2015.04.21"]
[Round "5"]
[White "Bucko, Samuel"]
[Black "Tokarcik, Patrik"]
[Result "1-0"]
[WhiteElo "1000"]
[BlackElo "1000"]
[PlyCount "43"]
[EventDate "2015.04.18"]
[EventType "swiss"]
[EventRounds "9"]
[EventCountry "SVK"]
[SourceTitle "CBM 166 Extra"]
[Source "ChessBase"]
[SourceDate "2015.06.18"]
[SourceVersion "1"]
[SourceVersionDate "2015.06.18"]
[SourceQuality "1"]

1. e4 e5 2. Nf3 Nc6 3. Bc4 Nf6 4. d3 Bc5 5. 0-0 d6 6. Nbd2 0-0 7. c3 Be6 8. Bb5 a6 9. Ba4 d5 10. exd5 Nxd5 11. Re1 Qb8 12. Nf1 Qa7 13. Be3 Nxe3 14. fxe3 Rad8 15. Bxc6 bxc6 16. Nxe5 Qb6 17. b4 Bd6 18. Ng4 f5 19. Nf2 Qb5 20. a4 Qe5 21. d4 Qxh2+ 22. Nxh2 1-0